[Event "SenWM Bad Zwischenahn"]
[Site "?"]
[Date "2008.??.??"]
[Round "?"]
[White "Tseitlin, Mark"]
[Black "Kivipelto, Kaj"]
[Result "1/2-1/2"]
[WhiteElo "2435"]
[BlackElo "2190"]
[PlyCount "102"]
[EventDate "2008.??.??"]

1. e4 c5 2. Nf3 Nc6 3. Bb5 d6 4. O-O Bd7 5. c3 a6 6. Ba4 b5 7. Bb3 c4 8. Bc2 g6
9. b3 Bg7 10. bxc4 bxc4 11. Na3 Na5 12. Ba4 Nf6 13. e5 Nd5 14. exd6 e6 15. Re1
O-O 16. Ne5 Bxa4 17. Qxa4 Bxe5 18. Rxe5 Qxd6 19. Re4 Nf6 20. Nxc4 Qc7 21. Rd4
e5 22. Rh4 Nc6 23. Ne3 Rfd8 24. Rc4 Rac8 25. Qxa6 Nd5 26. d4 exd4 27. cxd4 Ndb4
28. Qa4 Rxd4 29. Rxd4 Nxd4 30. Bb2 Ne2+ 31. Kf1 Nd3 32. Nd5 Nxb2 33. Qh4 Qd8
34. Nf6+ Kg7 35. Qxh7+ Kxf6 36. Qh4+ Kg7 37. Qxd8 Ng3+ 38. hxg3 Rxd8 39. Ke2
Na4 40. Rc1 Rb8 41. Kd3 Rb7 42. Rc2 Kf6 43. Re2 Nc5+ 44. Kc4 Ne6 45. a4 Ke7 46.
Rd2 Nc7 47. Kc5 Na6+ 48. Kc6 Rb4 49. a5 Nb8+ 50. Kc7 Na6+ 51. Kc6 Nb8+ 1/2-1/2

[Event "SenWM Bad Zwischenahn"]
[Site "?"]
[Date "2008.??.??"]
[Round "?"]
[White "Kripp, Wolfgang"]
[Black "Kapengut, Albert"]
[Result "1/2-1/2"]
[WhiteElo "2180"]
[BlackElo "2430"]
[PlyCount "49"]
[EventDate "2008.??.??"]

1. e4 e6 2. d4 d5 3. Nc3 Be7 4. Nf3 Nf6 5. Bd3 b6 6. Qe2 Bb7 7. O-O O-O 8. Re1
Nc6 9. e5 Nd7 10. a3 Nxd4 11. Nxd4 c5 12. Nxe6 fxe6 13. Qh5 Rf5 14. Bxf5 exf5
15. Qxf5 Nf8 16. Bf4 d4 17. Rad1 Qe8 18. Nb1 Qc6 19. f3 Ne6 20. Bg3 Rf8 21. Qd3
c4 22. Qe2 d3 23. cxd3 Nd4 24. Qe4 Qc7 25. e6 1/2-1/2

[Event "SenWM Bad Zwischenahn"]
[Site "?"]
[Date "2008.??.??"]
[Round "?"]
[White "Uhlmann, Wolfgang"]
[Black "Bondick, Karl_Heinz"]
[Result "1-0"]
[WhiteElo "2415"]
[BlackElo "2175"]
[PlyCount "98"]
[EventDate "2008.??.??"]

1. c4 e5 2. Nc3 Nf6 3. g3 d5 4. cxd5 Nxd5 5. Bg2 Ne7 6. Nf3 Nbc6 7. O-O Nf5 8.
a3 a5 9. b3 Be6 10. d3 Be7 11. Bb2 O-O 12. Rc1 Rc8 13. Ne4 f6 14. Nfd2 Ncd4 15.
e3 Nb5 16. Nc5 Bxc5 17. Rxc5 c6 18. a4 Na7 19. Qe2 b6 20. Rcc1 c5 21. Rfd1 Rf7
22. Nc4 Rd7 23. Rd2 Nc6 24. Rcd1 Qc7 25. Bc3 Rcd8 26. Qf3 Nfe7 27. Qe2 Nd5 28.
Bb2 Ndb4 29. Be4 Ne7 30. Qh5 h6 31. f4 exf4 32. gxf4 Bd5 33. Qf3 Bxe4 34. Qxe4
Ned5 35. Rg2 Qc6 36. Qg6 Re7 37. Rf1 Rf8 38. e4 Nxd3 39. exd5 Qxd5 40. Rd2 f5
41. Rfd1 Nxf4 42. Rxd5 Nxg6 43. Rd7 f4 44. Nxb6 f3 45. Rxe7 Nxe7 46. Nc4 g5 47.
Kf2 Rf4 48. Be5 Rf5 49. Rd8+ Kh7 1-0

[Event "SenWM Bad Zwischenahn"]
[Site "?"]
[Date "2008.??.??"]
[Round "?"]
[White "Zakharov, Alexander"]
[Black "Hvenekilde, Jorgen"]
[Result "1/2-1/2"]
[WhiteElo "2410"]
[BlackElo "2165"]
[PlyCount "107"]
[EventDate "2008.??.??"]

1. e4 e5 2. Nf3 d6 3. Bc4 Be7 4. d4 exd4 5. Nxd4 Nf6 6. Nc3 O-O 7. O-O a6 8. a4
Nc6 9. Nxc6 bxc6 10. h3 a5 11. f4 Nd7 12. Qf3 Ba6 13. Bxa6 Rxa6 14. b3 Bf6 15.
Ba3 Re8 16. Rad1 Qc8 17. Rfe1 c5 18. Nd5 Bd4+ 19. Kh1 Nf6 20. c3 Nxd5 21. cxd4
Nb4 22. Bxb4 cxb4 23. f5 Rc6 24. Rc1 Rxc1 25. Rxc1 Qb7 26. d5 f6 27. Rc4 Qa7
28. g4 h6 29. Kg2 Rb8 30. h4 Rb7 31. g5 hxg5 32. hxg5 fxg5 33. e5 Qa8 34. exd6
cxd6 35. Qe4 Qf8 36. Qe6+ Qf7 37. Rc8+ Kh7 38. Ra8 Rc7 39. Qxf7 Rxf7 40. Rxa5
Rc7 41. Rb5 Rc2+ 42. Kf1 Kh6 43. Rxb4 Ra2 44. Rb6 g4 45. Rxd6+ Kg5 46. Re6 Rb2
47. Re3 Kf4 48. Rd3 g3 49. Rd4+ Kf3 50. Rd3+ Kf4 51. d6 Rb1+ 52. Kg2 Rb2+ 53.
Kh1 Rb1+ 54. Kg2 1/2-1/2

[Event "SenWM Bad Zwischenahn"]
[Site "?"]
[Date "2008.??.??"]
[Round "?"]
[White "Klovans, Janis"]
[Black "Taksrud, Vidar"]
[Result "0-1"]
[WhiteElo "2410"]
[BlackElo "2160"]
[PlyCount "110"]
[EventDate "2008.??.??"]

1. e4 d5 2. exd5 Nf6 3. d4 Nxd5 4. Nf3 g6 5. Bc4 Bg7 6. O-O O-O 7. Re1 c6 8.
Nbd2 Nd7 9. Ne4 N7f6 10. Nxf6+ exf6 11. Bb3 Bg4 12. c4 Nc7 13. Be3 f5 14. Qd2
Bxf3 15. gxf3 f4 16. Bxf4 Ne6 17. d5 Nd4 18. Kg2 Qf6 19. Bd1 Nf5 20. Bg5 Qxb2
21. Qxb2 Bxb2 22. Rb1 Bc3 23. Re2 cxd5 24. cxd5 b6 25. Ba4 f6 26. Bf4 g5 27.
Bc7 Rac8 28. d6 Be5 29. Rxe5 fxe5 30. Bd7 Nh4+ 31. Kf1 Rcd8 32. Bg4 Kf7 33. Rc1
Kf6 34. Rc6 h5 35. Bxh5 Rd7 36. Bg4 Nf5 37. Ke1 Ke6 38. Kd2 Kd5 39. Rc3 Rh7 40.
h3 Rf6 41. Bd8 Rff7 42. Rd3+ Nd4 43. Bxg5 Kxd6 44. Be3 Kc6 45. f4 Rf6 46. fxe5
Nf3+ 47. Ke2 Nxe5 48. Rd4 b5 49. Bf4 Re7 50. Re4 Rxf4 51. Rxf4 Nxg4+ 52. Kf3
Ne5+ 53. Kg3 a5 54. h4 Rg7+ 55. Kh3 Rf7 0-1

[Event "SenWM Bad Zwischenahn"]
[Site "?"]
[Date "2008.??.??"]
[Round "?"]
[White "Sorensen, Bent"]
[Black "Khanukov, Boris"]
[Result "1/2-1/2"]
[WhiteElo "2170"]
[BlackElo "2395"]
[PlyCount "89"]
[EventDate "2008.??.??"]

1. Nf3 Nf6 2. g3 d5 3. Bg2 c5 4. O-O Nc6 5. d4 e6 6. c4 dxc4 7. Qa4 cxd4 8.
Nxd4 Qxd4 9. Bxc6+ Bd7 10. Bxd7+ Qxd7 11. Qxc4 Rc8 12. Qb3 Bc5 13. Nc3 h6 14.
Na4 O-O 15. Nxc5 Rxc5 16. Be3 Rb5 17. Qa3 e5 18. Kg2 Nd5 19. Rfd1 Qc6 20. Kg1
Nxe3 21. Qxe3 Rxb2 22. Qxe5 Rc2 23. Qe7 a5 24. Rd8 Rxd8 25. Qxd8+ Kh7 26. Qxa5
Rxe2 27. Qf5+ Kg8 28. a3 g6 29. Qf4 Kg7 30. Qd4+ Kh7 31. Qf4 Qd5 32. Rc1 Ra2
33. Qe3 Rd2 34. Re1 Rd3 35. Qe4 Qb3 36. h4 h5 37. Kg2 Rd2 38. Re3 Qb6 39. Rf3
Rd7 40. g4 hxg4 41. Qxg4 Qc6 42. h5 Rd3 43. hxg6+ fxg6 44. Qf4 Rxf3 45. Qxf3
1/2-1/2

[Event "SenWM Bad Zwischenahn"]
[Site "?"]
[Date "2008.??.??"]
[Round "?"]
[White "Kuindzhy, Alexander"]
[Black "Kock, Hans_Uwe"]
[Result "1-0"]
[WhiteElo "2395"]
[BlackElo "2155"]
[PlyCount "41"]
[EventDate "2008.??.??"]

1. e4 c6 2. d3 d5 3. Nd2 e5 4. Ngf3 Bd6 5. d4 Bg4 6. exd5 cxd5 7. dxe5 Bxe5 8.
Bb5+ Nc6 9. Qe2 f6 10. h3 Bxf3 11. Nxf3 Qd6 12. Bf4 Qb4+ 13. Bd2 Qxb2 14. O-O
Kf7 15. Bxc6 bxc6 16. Rab1 Qxc2 17. Rb7+ Ne7 18. Rxe7+ Kxe7 19. Bb4+ c5 20.
Qxc2 cxb4 21. Qc5+ 1-0

[Event "SenWM Bad Zwischenahn"]
[Site "?"]
[Date "2008.??.??"]
[Round "?"]
[White "Leiber, Bernard"]
[Black "Kaufman, Larry C"]
[Result "1/2-1/2"]
[WhiteElo "2165"]
[BlackElo "2390"]
[PlyCount "115"]
[EventDate "2008.??.??"]

1. e4 e6 2. d4 d5 3. Nc3 Nf6 4. Bg5 dxe4 5. Nxe4 Be7 6. Bxf6 gxf6 7. g4 Bd7 8.
Qe2 Bc6 9. Nf3 Qd5 10. Ned2 Nd7 11. Bg2 Rg8 12. h3 O-O-O 13. Qc4 Nb6 14. Qxd5
Nxd5 15. Rg1 Nf4 16. Bf1 h5 17. O-O-O hxg4 18. hxg4 Rg7 19. c4 Rdg8 20. d5 exd5
21. Nd4 Bd7 22. cxd5 Nxd5 23. Bc4 Nb6 24. f3 f5 25. Bd3 fxg4 26. Nf5 Bc5 27.
Nxg7 Bxg1 28. Nf5 Bc5 29. Nh6 Rd8 30. fxg4 Bxg4 31. Nxg4 Rxd3 32. Ne5 Rd5 33.
Nxf7 Be3 34. Kc2 Bf4 35. Ne4 Rxd1 36. Kxd1 Kd7 37. Nfg5 Kc6 38. Nf3 Nc4 39. Kc2
a6 40. b3 Ne3+ 41. Kd3 Nd5 42. Nd4+ Kb6 43. a3 Bc1 44. Nc2 Bb2 45. Kc4 c6 46.
Nc5 Kc7 47. b4 Bc1 48. Kb3 Bh6 49. Ne6+ Kb6 50. Ncd4 a5 51. Nf5 Bc1 52. Nd6
axb4 53. axb4 Ka7 54. b5 cxb5 55. Nxb5+ Kb6 56. Nd6 Kc6 57. Nxb7 Kxb7 58. Nc5+
1/2-1/2

[Event "SenWM Bad Zwischenahn"]
[Site "?"]
[Date "2008.??.??"]
[Round "?"]
[White "Malisov, Boris"]
[Black "Serra Olives, Tomas"]
[Result "1-0"]
[WhiteElo "2390"]
[BlackElo "2155"]
[PlyCount "121"]
[EventDate "2008.??.??"]

1. e4 e5 2. Bc4 Nf6 3. d3 Be7 4. Nf3 Nc6 5. O-O d6 6. c3 O-O 7. Nbd2 Na5 8. Bb5
a6 9. Ba4 b5 10. Bc2 c5 11. Re1 Re8 12. Nf1 h6 13. Ng3 Bf8 14. h3 Bb7 15. d4
Qc7 16. d5 c4 17. Nh2 Bc8 18. Qf3 Nh7 19. Nf5 Nb7 20. h4 Nc5 21. b4 cxb3 22.
axb3 a5 23. Bd2 a4 24. b4 Nd7 25. Bd3 Ba6 26. Qe2 Rab8 27. Ne3 Rec8 28. Nc2 Nb6
29. Na3 Nc4 30. Bxc4 bxc4 31. Ng4 Be7 32. g3 Nf6 33. Nxf6+ Bxf6 34. Qg4 Kf8 35.
Qf5 Qd8 36. Reb1 Rc7 37. Be3 Bc8 38. Qf3 Qd7 39. b5 Rcb7 40. b6 Bd8 41. Nxc4
Ra8 42. Ra3 Rbb8 43. Rb4 Ra6 44. Qd1 Rba8 45. Qb1 Bb7 46. Rb5 Kg8 47. Kg2 g5
48. h5 Be7 49. f3 g4 50. f4 exf4 51. Bxf4 f5 52. exf5 Bf6 53. Nxd6 Ra5 54. Rxa5
Rxa5 55. c4 Be7 56. f6 Bxf6 57. Qg6+ Bg7 58. Bxh6 Bxd5+ 59. cxd5 Rxd5 60. Re3
Rd2+ 61. Kf1 1-0

[Event "SenWM Bad Zwischenahn"]
[Site "?"]
[Date "2008.??.??"]
[Round "?"]
[White "Nickl, Klaus"]
[Black "Bogdanov, Valentin"]
[Result "0-1"]
[WhiteElo "2160"]
[BlackElo "2380"]
[PlyCount "68"]
[EventDate "2008.??.??"]

1. d4 d5 2. Nf3 e6 3. g3 c5 4. Bg2 Nc6 5. O-O Nf6 6. b3 Be7 7. Bb2 O-O 8. Nbd2
cxd4 9. Nxd4 Qb6 10. Nxc6 bxc6 11. c4 Rd8 12. Qc2 Bb7 13. e3 Rac8 14. Rfd1 c5
15. cxd5 exd5 16. Rac1 Qe6 17. Qc3 d4 18. exd4 cxd4 19. Qd3 Rxc1 20. Rxc1 Bxg2
21. Kxg2 Nd5 22. Qe4 Bb4 23. Qxe6 fxe6 24. Nc4 Bc3 25. Bxc3 Nxc3 26. Rc2 Kf7
27. Ne5+ Kf6 28. f4 Rd5 29. Kf3 Rxe5 30. fxe5+ Kxe5 31. b4 Kd5 32. a3 e5 33.
Rc1 e4+ 34. Kf2 Kc4 0-1

[Event "SenWM Bad Zwischenahn"]
[Site "?"]
[Date "2008.??.??"]
[Round "?"]
[White "Rotstein, Efim"]
[Black "Gerhardt, Peter_Michael"]
[Result "1-0"]
[WhiteElo "2380"]
[BlackElo "2155"]
[PlyCount "119"]
[EventDate "2008.??.??"]

1. d4 Nf6 2. Nf3 g6 3. g3 Bg7 4. Bg2 O-O 5. O-O d5 6. c4 c6 7. cxd5 Nxd5 8. Nc3
Nd7 9. Nxd5 cxd5 10. Qb3 e6 11. Bf4 Qb6 12. Qxb6 Nxb6 13. Rfc1 Bd7 14. b3 Rac8
15. a4 Rxc1+ 16. Rxc1 Rc8 17. Rxc8+ Nxc8 18. Ne5 Be8 19. Bd2 f6 20. Bh3 Bf7 21.
Nd3 Nd6 22. Bb4 Nf5 23. e3 Bf8 24. Bxf8 Kxf8 25. Bxf5 gxf5 26. Kf1 Ke7 27. Ke2
Kd6 28. Kd2 b6 29. b4 Be8 30. b5 Kc7 31. Kc3 a5 32. bxa6 Bxa4 33. Nf4 Kd6 34.
Kb4 Bc6 35. a7 h6 36. h3 Kd7 37. Nh5 Ke7 38. g4 fxg4 39. hxg4 Kf7 40. f3 Ke7
41. f4 Kf7 42. Ng3 Ke7 43. f5 e5 44. Nh5 Kf7 45. Kc3 Bb7 46. Kb3 Ba8 47. Kb4
Bc6 48. Ng3 Ke7 49. Ne2 Kd6 50. Nc3 Kc7 51. dxe5 fxe5 52. Nb5+ Kd7 53. Kc3 Bb7
54. Kd2 Bc6 55. Ke2 d4 56. exd4 exd4 57. Nxd4 Bb7 58. Kf2 Kd6 59. Kg3 Ke5 60.
Kh4 1-0

[Event "SenWM Bad Zwischenahn"]
[Site "?"]
[Date "2008.??.??"]
[Round "?"]
[White "Kool, Gerard"]
[Black "Donchenko, Anatoli"]
[Result "1/2-1/2"]
[WhiteElo "2155"]
[BlackElo "2370"]
[PlyCount "45"]
[EventDate "2008.??.??"]

1. Nf3 Nf6 2. c4 e6 3. g3 d5 4. d4 dxc4 5. Bg2 Bb4+ 6. Nc3 Nc6 7. O-O O-O 8. a3
Be7 9. e4 Na5 10. Be3 a6 11. Qe2 b5 12. Rad1 Bb7 13. Ne5 c5 14. d5 Qc7 15. f4
exd5 16. Nxd5 Nxd5 17. exd5 Bd6 18. Qh5 g6 19. Qh6 f6 20. Nf3 Nb3 21. f5 Qg7
22. fxg6 hxg6 23. Nh4 1/2-1/2

[Event "SenWM Bad Zwischenahn"]
[Site "?"]
[Date "2008.??.??"]
[Round "?"]
[White "Blaushtain, Boris"]
[Black "Opl, Klaus"]
[Result "0-1"]
[WhiteElo "2155"]
[BlackElo "2360"]
[PlyCount "64"]
[EventDate "2008.??.??"]

1. d4 Nf6 2. c4 e6 3. Nc3 Bb4 4. Qc2 c5 5. a3 Bxc3+ 6. bxc3 Nc6 7. Nf3 d6 8. e3
e5 9. Bd3 O-O 10. O-O Re8 11. Be2 e4 12. Ne1 Bf5 13. Qd1 Qd7 14. f4 exf3 15.
gxf3 Rac8 16. Bd2 Bh3 17. Rf2 Qe7 18. Ng2 Nh5 19. d5 Na5 20. Bd3 f5 21. Qc2 Rf8
22. Re1 Qf6 23. Kh1 Rce8 24. Rg1 Kh8 25. Qd1 g5 26. Ne1 Qh6 27. f4 g4 28. Qc2
Rg8 29. Qb1 g3 30. hxg3 Nxg3+ 31. Rxg3 Rxg3 32. Rh2 Reg8 0-1

[Event "SenWM Damen Bad Zwischenahn"]
[Site "?"]
[Date "2008.??.??"]
[Round "?"]
[White "Strutinskaya, Galina"]
[Black "Miednikova, Svetlana"]
[Result "1-0"]
[WhiteElo "2280"]
[BlackElo "2155"]
[PlyCount "61"]
[EventDate "2008.??.??"]

1. d4 d5 2. c4 c6 3. Nf3 e6 4. Qc2 Nf6 5. Bf4 Bb4+ 6. Nbd2 Nbd7 7. a3 Ba5 8. e3
Ne4 9. Bd3 f5 10. b4 Bc7 11. cxd5 exd5 12. Bxc7 Qxc7 13. b5 O-O 14. bxc6 bxc6
15. O-O c5 16. dxc5 Qxc5 17. Rfc1 Qxc2 18. Rxc2 Ndc5 19. Bb5 Bb7 20. Rb1 f4 21.
Nxe4 Nxe4 22. Bd7 Nd6 23. Rc7 fxe3 24. fxe3 d4 25. Nxd4 Be4 26. Rd1 Rf6 27. Ne6
Nf5 28. Bc8 h5 29. Rd8+ Kh7 30. Ng5+ Kh6 31. Nxe4 1-0

[Event "SenWM Damen Bad Zwischenahn"]
[Site "?"]
[Date "2008.??.??"]
[Round "?"]
[White "Fomina, Tatyana"]
[Black "Bilunova, Rimma"]
[Result "1-0"]
[WhiteElo "2210"]
[BlackElo "2150"]
[PlyCount "93"]
[EventDate "2008.??.??"]

1. e4 Nf6 2. Nc3 e5 3. Bc4 Bb4 4. Qe2 O-O 5. Nf3 d6 6. O-O Bg4 7. h3 Bh5 8. Nd1
Nc6 9. c3 Bc5 10. d3 h6 11. Ne3 Bxe3 12. fxe3 Na5 13. Bb5 a6 14. Ba4 b5 15. Bc2
c5 16. Bd2 Nc6 17. g4 Bg6 18. Be1 Qb6 19. Nh4 b4 20. Bb3 Bh7 21. Kh2 Na5 22.
Bd5 Nxd5 23. exd5 e4 24. Nf5 exd3 25. Qxd3 c4 26. Qd4 Qxd4 27. cxd4 Bxf5 28.
Rxf5 c3 29. bxc3 bxc3 30. Bxc3 Nc4 31. Re1 Rab8 32. e4 Rfc8 33. Rf3 Rb5 34. h4
Rcb8 35. Kg3 Nb6 36. g5 hxg5 37. hxg5 Na4 38. Bd2 Rb2 39. Bf4 Rxa2 40. Bxd6
Rbb2 41. Bc5 Nb6 42. Bxb6 Rxb6 43. e5 Rd2 44. e6 fxe6 45. dxe6 Rb8 46. e7 Re8
47. g6 1-0

[Event "SenWM Damen Bad Zwischenahn"]
[Site "?"]
[Date "2008.??.??"]
[Round "?"]
[White "Vilerte, Tamara"]
[Black "Kuznetsova, Luba"]
[Result "1-0"]
[WhiteElo "2205"]
[BlackElo "2125"]
[PlyCount "41"]
[EventDate "2008.??.??"]

1. d4 d5 2. c4 c6 3. Qc2 Nf6 4. Nf3 e6 5. e3 Bd6 6. Bd3 Nbd7 7. g4 dxc4 8. Bxc4
Nxg4 9. Rg1 Qa5+ 10. Bd2 Qh5 11. Be2 f5 12. Nc3 O-O 13. O-O-O Nxf2 14. Rdf1 Ng4
15. e4 Nb6 16. h3 Qxh3 17. Ng5 Qh4 18. exf5 exf5 19. Qb3+ Kh8 20. Rxg4 Qh2 21.
Nf7+ 1-0

[Event "SenWM Damen Bad Zwischenahn"]
[Site "?"]
[Date "2008.??.??"]
[Round "?"]
[White "Erenska_Barlo, Hanna"]
[Black "Milashevskaya, Valentina"]
[Result "1-0"]
[WhiteElo "2270"]
[BlackElo "1830"]
[PlyCount "34"]
[EventDate "2008.??.??"]

1. e4 e6 2. d4 d5 3. exd5 exd5 4. c4 Nf6 5. Nf3 Be7 6. Nc3 c6 7. Bd3 O-O 8. O-O
Bg4 9. Be3 Nbd7 10. c5 Bxf3 11. Qxf3 Nxc5 12. dxc5 d4 13. Rad1 Kh8 14. Bb1 Bxc5
15. Na4 Qe7 16. Bg5 Rad8 17. Bxf6 gxf6 1-0

[Event "SenWM Bad Zwischenahn"]
[Site "?"]
[Date "2008.??.??"]
[Round "?"]
[White "Gutman, Lev"]
[Black "Joksic, Sinisa"]
[Result "1-0"]
[WhiteElo "2485"]
[BlackElo "2255"]
[PlyCount "43"]
[EventDate "2008.??.??"]

1. Nf3 Nf6 2. g3 d5 3. Bg2 g6 4. O-O Bg7 5. d4 O-O 6. Bf4 c6 7. Qc1 Qb6 8. c4
dxc4 9. Na3 Be6 10. Nxc4 Qa6 11. b3 Nbd7 12. Re1 c5 13. e4 cxd4 14. e5 Nd5 15.
Bh6 Rfc8 16. Qg5 f6 17. Qh4 b5 18. Nxd4 f5 19. Bxg7 Kxg7 20. Nd6 Bg8 21. Bxd5
exd6 22. Qe7+ 1-0

[Event "SenWM Bad Zwischenahn"]
[Site "?"]
[Date "2008.??.??"]
[Round "?"]
[White "Dornieden, Manfred Dr"]
[Black "Jansa, Vlastimil"]
[Result "0-1"]
[WhiteElo "2265"]
[BlackElo "2475"]
[PlyCount "58"]
[EventDate "2008.??.??"]

1. c4 g6 2. Nc3 Bg7 3. g3 Nf6 4. Bg2 O-O 5. d4 d6 6. Nf3 c6 7. O-O Qa5 8. h3
Be6 9. Qd3 Qa6 10. b3 d5 11. Ne5 Rd8 12. cxd5 Nxd5 13. Qxa6 Nxa6 14. Ne4 Ndb4
15. Bb2 Bd5 16. e3 Bxe5 17. dxe5 Bxe4 18. Bxe4 Rd2 19. Ba3 Rad8 20. Bxb4 Nxb4
21. a3 Nd3 22. e6 f5 23. Bf3 Kg7 24. e4 fxe4 25. Bxe4 Nc5 26. Rfe1 Nxb3 27.
Rab1 Nc5 28. Bg2 R8d6 29. Re5 b6 0-1

[Event "SenWM Bad Zwischenahn"]
[Site "?"]
[Date "2008.??.??"]
[Round "?"]
[White "Podgayets, Mykhaylo"]
[Black "Gruzmann, Boris"]
[Result "1/2-1/2"]
[WhiteElo "2465"]
[BlackElo "2250"]
[PlyCount "74"]
[EventDate "2008.??.??"]

1. d4 Nf6 2. Nf3 g6 3. g3 Bg7 4. c4 O-O 5. Bg2 d6 6. Nc3 Nc6 7. O-O a6 8. b3
Rb8 9. Nd5 b5 10. Nxf6+ Bxf6 11. Bh6 Re8 12. Rc1 bxc4 13. Rxc4 Na5 14. Rc1 Bf5
15. Qe1 Nb7 16. e4 Bd7 17. Qe3 c5 18. dxc5 Nxc5 19. Rfd1 Rc8 20. e5 Bh8 21.
exd6 exd6 22. Qf4 Ne4 23. Ng5 Nxg5 24. Bxg5 Rxc1 25. Rxc1 Qa5 26. h4 Re1+ 27.
Rxe1 Qxe1+ 28. Kh2 Be5 29. Qd2 Qxd2 30. Bxd2 Bd4 31. Kg1 Kf8 32. Bf1 Bb5 33. a4
Bxf1 34. Kxf1 Ke7 35. Ke2 Ke6 36. f3 Kd5 37. g4 h5 1/2-1/2

[Event "SenWM Bad Zwischenahn"]
[Site "?"]
[Date "2008.??.??"]
[Round "?"]
[White "Danner, Georg"]
[Black "Chehlov, Aleksander"]
[Result "1-0"]
[WhiteElo "2435"]
[BlackElo "2250"]
[PlyCount "77"]
[EventDate "2008.??.??"]

1. d4 d5 2. Nf3 c5 3. c4 e6 4. e3 Nf6 5. Nc3 Nc6 6. cxd5 exd5 7. Be2 Be7 8.
dxc5 Bxc5 9. O-O O-O 10. b3 a6 11. Bb2 Re8 12. Rc1 Ba7 13. Qd3 h6 14. Rfd1 Be6
15. Na4 Ne4 16. a3 Qe7 17. Nc3 Nf6 18. b4 Rad8 19. Nb1 Bg4 20. h3 Bc8 21. Nd4
Ne5 22. Qb3 Ne4 23. Nd2 Qh4 24. Nxe4 dxe4 25. Rxc8 Rxc8 26. Nf5 Qf6 27. Nd6 Bb8
28. Nxe8 Rxe8 29. Qd5 Nf3+ 30. Bxf3 Qxb2 31. Bxe4 b5 32. g3 Qc3 33. Qc6 Qe5 34.
Bf3 g6 35. Kg2 h5 36. Rd5 Qe7 37. Rd7 Qe5 38. Bd5 Rf8 39. Qxg6+ 1-0

[Event "SenWM Bad Zwischenahn"]
[Site "?"]
[Date "2008.??.??"]
[Round "?"]
[White "Kaminik, Alexander"]
[Black "Uhlmann, Wolfgang"]
[Result "*"]
[WhiteElo "2255"]
[BlackElo "2415"]
[PlyCount "72"]
[EventDate "2008.??.??"]

1. d4 Nf6 2. c4 d6 3. Nc3 Nbd7 4. e4 e5 5. Nge2 g6 6. f3 Bg7 7. Be3 c6 8. Qd2
O-O 9. O-O-O a6 10. g4 b5 11. Ng3 Qa5 12. g5 Ne8 13. d5 b4 14. Nb1 Nc5 15. dxc6
Qxa2 16. Bxc5 dxc5 17. Qd8 Qa4 18. Qb6 Be6 19. Rd5 Rc8 20. Rxc5 Qb3 21. Nd2 Qe3
22. Qxb4 Nc7 23. Qa3 Qxg5 24. Qc3 Rfd8 25. Kc2 Bf8 26. Rd5 Bxd5 27. cxd5 h5 28.
Be2 h4 29. Ngf1 Qg2 30. Qe3 Qxh1 31. Nc4 Qg2 32. Nxe5 Bh6 33. f4 Nxd5 34. exd5
Rxd5 35. Nd7 Rxc6+ 36. Kb3 Qxh2 *

[Event "SenWM Bad Zwischenahn"]
[Site "?"]
[Date "2008.??.??"]
[Round "?"]
[White "Bogdanov, Valentin"]
[Black "Krueger, Erich"]
[Result "1/2-1/2"]
[WhiteElo "2380"]
[BlackElo "2245"]
[PlyCount "100"]
[EventDate "2008.??.??"]

1. e4 c6 2. d4 d5 3. e5 c5 4. dxc5 Nc6 5. Bb5 e6 6. Nf3 Bxc5 7. O-O Bd7 8. Qe2
Nge7 9. Bg5 Qc7 10. c4 O-O 11. cxd5 Nxd5 12. Rc1 Qb6 13. Bd3 Ncb4 14. Bc4 Rac8
15. Nbd2 h6 16. Bh4 Nf4 17. Qf1 Bc6 18. a3 Nbd5 19. b4 Be7 20. Bxd5 Nxd5 21.
Bxe7 Nxe7 22. Nc4 Qb5 23. Nd6 Qxf1+ 24. Kxf1 Rb8 25. Nd4 Bd5 26. g3 g5 27. Rc7
Ng6 28. Re1 Rbd8 29. N6b5 Rc8 30. Rxc8 Rxc8 31. Nxa7 Rc3 32. Nab5 Bc4+ 33. Kg2
Rd3 34. h3 h5 35. f3 Rd2+ 36. Kg1 h4 37. gxh4 Nxh4 38. Rc1 Bd5 39. Rc3 Rg2+ 40.
Kf1 Rh2 41. Nc7 Ba2 42. Ne8 Ng6 43. Rc2 Rxc2 44. Nxc2 Nxe5 45. Kf2 Kf8 46. Nf6
Ke7 47. Ne4 f6 48. Nd4 Nd3+ 49. Kg3 Bc4 50. h4 gxh4+ 1/2-1/2

[Event "SenWM Bad Zwischenahn"]
[Site "?"]
[Date "2008.??.??"]
[Round "?"]
[White "Haubt, Georg"]
[Black "Rotstein, Efim"]
[Result "1/2-1/2"]
[WhiteElo "2240"]
[BlackElo "2380"]
[PlyCount "96"]
[EventDate "2008.??.??"]

1. d4 Nf6 2. Nc3 d5 3. Bg5 c6 4. Qd2 Bf5 5. Bxf6 exf6 6. e3 Nd7 7. Nge2 Bb4 8.
a3 Bd6 9. Ng3 Bg6 10. Bd3 O-O 11. Nf5 Bxf5 12. Bxf5 Nb6 13. Bd3 Re8 14. O-O Qc7
15. g3 Rad8 16. Rfe1 Bf8 17. Ne2 g6 18. b3 f5 19. Qa5 Qb8 20. c4 Nc8 21. Nc3
Ne7 22. Rec1 h5 23. Bf1 h4 24. Bg2 hxg3 25. hxg3 g5 26. cxd5 b6 27. Qa6 cxd5
28. f4 gxf4 29. gxf4 Rd6 30. Nb5 Rd7 31. Rc3 Ng6 32. Rac1 Qd8 33. Rc8 Qe7 34.
Rxe8 Qxe8 35. Rc3 Qe7 36. Qc8 Nh4 37. Bh1 Qe6 38. Kf2 Re7 39. Qd8 Ng6 40. Qxd5
Qf6 41. Qg2 Qh4+ 42. Kf1 Bg7 43. Nd6 Rxe3 44. Rxe3 Qxf4+ 45. Qf2 Qxd6 46. Re8+
Bf8 47. Qxf5 Qxd4 48. Bd5 Qa1+ 1/2-1/2

[Event "SenWM Bad Zwischenahn"]
[Site "?"]
[Date "2008.??.??"]
[Round "?"]
[White "Opl, Klaus"]
[Black "Lieb, Harald"]
[Result "0-1"]
[WhiteElo "2360"]
[BlackElo "2235"]
[PlyCount "74"]
[EventDate "2008.??.??"]

1. d4 d5 2. c4 c6 3. Nc3 Nf6 4. Nf3 dxc4 5. a4 Bf5 6. Ne5 e6 7. f3 Bb4 8. e4
Bg6 9. Bxc4 Nbd7 10. Qb3 a5 11. Nxg6 hxg6 12. Bg5 Qc7 13. Kf2 Nb6 14. e5 Nfd5
15. Bd3 Be7 16. h4 Nb4 17. Be4 O-O-O 18. Nb5 Qd7 19. Nd6+ Kb8 20. Bxe7 Qxe7 21.
g3 Nc8 22. Nxc8 Rxc8 23. Rac1 Rhd8 24. Rhd1 Qc7 25. Rc5 Qb6 26. Rc4 Ka7 27. Qc3
Rd7 28. Rd2 Rcd8 29. Rc5 Na6 30. Rc4 c5 31. Ke3 cxd4+ 32. Rcxd4 Nb4 33. f4 f5
34. Bf3 Nc2+ 35. Qxc2 Rxd4 36. Rxd4 Rxd4 37. Ke2 Rb4 0-1

[Event "SenWM Bad Zwischenahn"]
[Site "?"]
[Date "2008.??.??"]
[Round "?"]
[White "Altshul, Raffael"]
[Black "Mueller, Rudolf"]
[Result "1-0"]
[WhiteElo "2340"]
[BlackElo "2230"]
[PlyCount "51"]
[EventDate "2008.??.??"]

1. d4 Nf6 2. c4 e6 3. Nc3 b6 4. e4 Bb7 5. f3 Bb4 6. Nge2 d5 7. cxd5 exd5 8. e5
Nfd7 9. a3 Bxc3+ 10. bxc3 Ba6 11. g3 f6 12. Nf4 Bxf1 13. Kxf1 Nf8 14. Kg2 g5
15. Nh5 fxe5 16. dxe5 Ne6 17. Nf6+ Kf7 18. f4 h6 19. fxg5 hxg5 20. Qf3 Kg7 21.
Rf1 Nd7 22. Qf5 Ndc5 23. Bxg5 Qc8 24. Nh5+ Rxh5 25. Qf7+ Kh8 26. Bf6+ 1-0

[Event "SenWM Bad Zwischenahn"]
[Site "?"]
[Date "2008.??.??"]
[Round "?"]
[White "Taksrud, Vidar"]
[Black "Onoprienko, Vladimir"]
[Result "0-1"]
[WhiteElo "2160"]
[BlackElo "2330"]
[PlyCount "82"]
[EventDate "2008.??.??"]

1. d4 c5 2. Nf3 cxd4 3. Nxd4 Nf6 4. g3 e5 5. Nf3 Nc6 6. c4 d5 7. cxd5 Qxd5 8.
Qxd5 Nxd5 9. Bg2 Ndb4 10. Na3 Be6 11. b3 f6 12. O-O O-O-O 13. Nd2 Nd4 14. Bf3
Bh3 15. Rd1 e4 16. Bxe4 Nxe2+ 17. Kh1 Bc5 18. Bb2 Bxf2 19. Ndc4 Bd4 20. Nb5
Bxb2 21. Nxb2 Kb8 22. Bf3 Nc2 23. Bxe2 Nxa1 24. Bd3 Rxd3 25. Nxd3 Rd8 26. Na3
Bg4 27. Rxa1 Rxd3 28. Re1 Rd2 29. Nb5 Bf3+ 30. Kg1 Bc6 31. a4 a6 32. Na3 Rg2+
33. Kf1 Rxh2 34. Re7 g5 35. Nc4 Rg2 36. Nb6 Rxg3 37. Rxh7 Rxb3 38. a5 g4 39.
Rf7 g3 40. Rf8+ Kc7 41. Rf7+ Kd8 0-1

[Event "SenWM Bad Zwischenahn"]
[Site "?"]
[Date "2008.??.??"]
[Round "?"]
[White "Meszaros, Ignac"]
[Black "Agzamov, Vaycheslav"]
[Result "0-1"]
[WhiteElo "2140"]
[BlackElo "2305"]
[PlyCount "42"]
[EventDate "2008.??.??"]

1. e4 d6 2. Nf3 Nf6 3. Nc3 g6 4. Be2 Bg7 5. d3 c5 6. Be3 Nc6 7. h3 e5 8. Qd2 h6
9. O-O Be6 10. Nb1 Qd7 11. c3 b6 12. Qd1 d5 13. exd5 Nxd5 14. Qa4 O-O 15. Qh4
Nxe3 16. fxe3 Rad8 17. Nbd2 g5 18. Qe1 f5 19. Nh2 e4 20. d4 cxd4 21. exd4 Nxd4
0-1

[Event "SenWM Bad Zwischenahn"]
[Site "?"]
[Date "2008.??.??"]
[Round "?"]
[White "Brinck_Claussen, Bjorn"]
[Black "Ben_Zeev, Moshe"]
[Result "1/2-1/2"]
[WhiteElo "2275"]
[BlackElo "2000"]
[PlyCount "34"]
[EventDate "2008.??.??"]

1. e4 c6 2. d4 d5 3. exd5 cxd5 4. c4 Nc6 5. cxd5 Qxd5 6. Be3 e5 7. Nc3 Bb4 8.
dxe5 Qxe5 9. Rc1 Nf6 10. Nf3 Qa5 11. Qb3 Be6 12. Bc4 Bxc4 13. Qxc4 Qd5 14. Qxd5
Nxd5 15. Bd2 Bxc3 16. Bxc3 O-O 17. O-O Rfe8 1/2-1/2